Statistiques concernant Meilleurs sons de Gazo

Cliquez ici pour prendre le quiz!

Statistiques générales

  • Ce quiz a été pris 1 640 fois
    (118 depuis la dernière actualisation)
  • Le résultat moyen est 7 sur 15

Statistiques - réponses

RangTitresStreams% Correct
2DIE164,1M
92%
6FLEURS (ft. Tiakola)101,3M
63%
3HAINE&SEX119,3M
55%
1Casanova (ft. Soolking)172,8M
52%
14KASSAV (ft. Tiakola)63,8M
52%
8RAPPEL85,7M
49%
7Saiyan (ft. Heuss L'enfoiré)101,0M
47%
4Daddy Chocolat (ft. Koba LaD)113,4M
44%
10CELINE 3X74,0M
40%
9Flashback (ft. Favé)78,5M
37%
12MAUVAIS 2X (ft. Ninho)65,8M
36%
5Filtré (ft. Timal)101,8M
24%
15Tu le sais (ft. Kalash)62,2M
24%
13C'est carré le S (ft. Naps, Ninho)65,4M
20%
11Le classico organisé (ft. Koba LaD, PLK, SCH, Jul, Naps, Guy2bezbar, Kofs, Soso Maness)67,6M
19%

Distribution des résultats

Percentile par nombre de réponses

% des personnes avec chaque résultat

Votre développement - résultats

Vous n’avez pas pris ce quiz depuis la dernière actualisation